<?xml version="1.0" encoding="UTF-8"?><?xml-stylesheet type="text/xsl" href="static/style.xsl"?><OAI-PMH xmlns="http://www.openarchives.org/OAI/2.0/" xmlns:xsi="http://www.w3.org/2001/XMLSchema-instance" xsi:schemaLocation="http://www.openarchives.org/OAI/2.0/ http://www.openarchives.org/OAI/2.0/OAI-PMH.xsd"><responseDate>2026-04-29T04:17:39Z</responseDate><request verb="GetRecord" identifier="oai:repisalud.isciii.es:20.500.12105/23632" metadataPrefix="marc">https://repisalud.isciii.es/rest/oai/request</request><GetRecord><record><header><identifier>oai:repisalud.isciii.es:20.500.12105/23632</identifier><datestamp>2024-11-28T19:44:19Z</datestamp><setSpec>com_20.500.12105_15322</setSpec><setSpec>com_20.500.12105_2051</setSpec><setSpec>col_20.500.12105_16967</setSpec></header><metadata><record xmlns="http://www.loc.gov/MARC21/slim" xmlns:dcterms="http://purl.org/dc/terms/" xmlns:doc="http://www.lyncode.com/xoai" xmlns:xsi="http://www.w3.org/2001/XMLSchema-instance" xsi:schemaLocation="http://www.loc.gov/MARC21/slim http://www.loc.gov/standards/marcxml/schema/MARC21slim.xsd">
   <leader>00925njm 22002777a 4500</leader>
   <datafield ind2=" " ind1=" " tag="042">
      <subfield code="a">dc</subfield>
   </datafield>
   <datafield ind2=" " ind1=" " tag="720">
      <subfield code="a">Gallardo-Alfaro, Laura</subfield>
      <subfield code="e">author</subfield>
   </datafield>
   <datafield ind2=" " ind1=" " tag="720">
      <subfield code="a">Lorente Montalvo, Patricia</subfield>
      <subfield code="e">author</subfield>
   </datafield>
   <datafield ind2=" " ind1=" " tag="720">
      <subfield code="a">Cañellas, Margarita A</subfield>
      <subfield code="e">author</subfield>
   </datafield>
   <datafield ind2=" " ind1=" " tag="720">
      <subfield code="a">Carandell Jöger, Eugenia</subfield>
      <subfield code="e">author</subfield>
   </datafield>
   <datafield ind2=" " ind1=" " tag="720">
      <subfield code="a">Oliver, Antonio</subfield>
      <subfield code="e">author</subfield>
   </datafield>
   <datafield ind2=" " ind1=" " tag="720">
      <subfield code="a">Rojo Molinero, Estrella</subfield>
      <subfield code="e">author</subfield>
   </datafield>
   <datafield ind2=" " ind1=" " tag="720">
      <subfield code="a">Riera, Beatriz</subfield>
      <subfield code="e">author</subfield>
   </datafield>
   <datafield ind2=" " ind1=" " tag="720">
      <subfield code="a">Llobera Cánaves, Joan</subfield>
      <subfield code="e">author</subfield>
   </datafield>
   <datafield ind2=" " ind1=" " tag="720">
      <subfield code="a">Bulilete, Oana</subfield>
      <subfield code="e">author</subfield>
   </datafield>
   <datafield ind2=" " ind1=" " tag="720">
      <subfield code="a">Leiva Rus, Alfonso</subfield>
      <subfield code="e">author</subfield>
   </datafield>
   <datafield ind2=" " ind1=" " tag="720">
      <subfield code="a">Obieta, Anaida</subfield>
      <subfield code="e">author</subfield>
   </datafield>
   <datafield ind2=" " ind1=" " tag="720">
      <subfield code="a">Pascual, Victoria</subfield>
      <subfield code="e">author</subfield>
   </datafield>
   <datafield ind2=" " ind1=" " tag="720">
      <subfield code="a">Pericàs Pulido, Pau</subfield>
      <subfield code="e">author</subfield>
   </datafield>
   <datafield ind2=" " ind1=" " tag="720">
      <subfield code="a">Raduán de Páramo, Carlos</subfield>
      <subfield code="e">author</subfield>
   </datafield>
   <datafield ind2=" " ind1=" " tag="720">
      <subfield code="a">Segura, Elsa</subfield>
      <subfield code="e">author</subfield>
   </datafield>
   <datafield ind2=" " ind1=" " tag="720">
      <subfield code="a">Vega, Verónica</subfield>
      <subfield code="e">author</subfield>
   </datafield>
   <datafield ind2=" " ind1=" " tag="720">
      <subfield code="a">Balearic COVID-19 Pediatric Primary Care Research Group</subfield>
      <subfield code="e">author</subfield>
   </datafield>
   <datafield ind2=" " ind1=" " tag="260">
      <subfield code="c">2023-08-29</subfield>
   </datafield>
   <datafield ind2=" " ind1=" " tag="520">
      <subfield code="a">Background: Rapid antigen-detection tests (Ag-RDTs) are used to diagnose SARS-CoV-2 infection. Real-world studies of Ag-RDTs are necessary to evaluate their diagnostic yield in paediatric patients. Our aim was to evaluate the accuracy of the Panbio™ Rapid Antigen Test for SARS-CoV-2 in the setting of a primary health care centre (PHC), with use of the Reverse Transcription-Polymerase Chain Reaction (RT-PCR) as gold standard. Methods: This prospective diagnostic study was conducted at PHCs in Mallorca, Spain. Patients were ≤ 18 years-old that attended sites for RT-PCR testing due to symptoms suggestive of infection (fever, headache, nasal congestion and dry cough, among others) or epidemiological exposure (close contacts). Two samples were collected: a nasal mid-turbinate sample for Ag-RDTs and a nasopharyngeal swab for RT-PCR testing. The sensitivity, specificity, and predictive values of the AgRDT were calculated using the RT-PCR results as the reference. Results: We examined 1142 participants from 0 to 18 years (47.5% female, mean age 8.9 ± 4.8 years, median 9.0 [5.0-13.0]). There were 84 positive RT-PCR results (pre-test probability of 7.3%) and 52 positive Ag-RDT results. The sensitivity of the Ag-RDT was 59.5% (95% Confidence Interval (CI): 48.2-69.9%), the specificity was 99.8% (95%CI: 99.2-99.9%), the positive predictive value was 96.1% (95%CI: 85.6-99.4%), and the negative predictive value was 96.8% (95%CI: 95.6-97.7%). The sensitivity for individuals referred by a general practitioner (GP) or paediatrician due to symptoms was 71.4% (95%CI: 51.5-86.0%) and for asymptomatic individuals was 50.0% (95%CI: 9.1-90.8%). The specificity was greater than 98.9% overall and in all subgroups. The sensitivity was 73.0% (95%CI: 52.0-87.5%) for referred patients due to symptoms and who were tested within 5 days since symptom onset. No significant statistical differences between any groups were found. There were 34 false-negative Ag-RDT results (40.5%) and 2 false-positive Ag-RDT results (0.2%). Conclusion: The sensitivity of the Panbio™ Test in paediatric individuals is below the minimum of 80% recommended by the World Health Organization for Ag-RDTs. This test had better accuracy in individuals referred by a GP or paediatrician due to symptoms, rather than those who were asymptomatic or referred due to epidemiological exposure. The RT-PCR test using a nasopharyngeal swab is accurate, but a less invasive alternative that has better sensitivity than the Panbio™ Test is needed for paediatric populations.</subfield>
   </datafield>
   <datafield ind1="8" ind2=" " tag="024">
      <subfield code="a">Gallardo-Alfaro L, Lorente-Montalvo P, Cañellas M, Carandell E, Oliver A, Rojo E, et al. Diagnostic accuracy of PanbioTM rapid antigen test for SARS-CoV-2 in paediatric population. BMC Pediatrics. 2023 Aug 29;23(1):433.</subfield>
   </datafield>
   <datafield ind1="8" ind2=" " tag="024">
      <subfield code="a">1471-2431</subfield>
   </datafield>
   <datafield ind1="8" ind2=" " tag="024">
      <subfield code="a">https://hdl.handle.net/20.500.13003/19328</subfield>
   </datafield>
   <datafield ind1="8" ind2=" " tag="024">
      <subfield code="a">https://hdl.handle.net/20.500.12105/23632</subfield>
   </datafield>
   <datafield ind1="8" ind2=" " tag="024">
      <subfield code="a">37644389</subfield>
   </datafield>
   <datafield ind1="8" ind2=" " tag="024">
      <subfield code="a">10.1186/s12887-023-04201-z</subfield>
   </datafield>
   <datafield ind1="8" ind2=" " tag="024">
      <subfield code="a">BMC Pediatrics</subfield>
   </datafield>
   <datafield tag="653" ind2=" " ind1=" ">
      <subfield code="a">COVID-19</subfield>
   </datafield>
   <datafield tag="653" ind2=" " ind1=" ">
      <subfield code="a">Rapid antigen test</subfield>
   </datafield>
   <datafield tag="653" ind2=" " ind1=" ">
      <subfield code="a">SARS-CoV-2</subfield>
   </datafield>
   <datafield tag="653" ind2=" " ind1=" ">
      <subfield code="a">Primary care</subfield>
   </datafield>
   <datafield tag="653" ind2=" " ind1=" ">
      <subfield code="a">Paediatric</subfield>
   </datafield>
   <datafield ind2="0" ind1="0" tag="245">
      <subfield code="a">Diagnostic accuracy of Panbio™ rapid antigen test for SARS-CoV-2 in paediatric population</subfield>
   </datafield>
</record></metadata></record></GetRecord></OAI-PMH>